| 000 | 00545nam a22001817a 4500 | ||
|---|---|---|---|
| 005 | 20240311133910.0 | ||
| 008 | 240311b |||||||| |||| 00| 0 eng d | ||
| 020 | _a9788192297767 | ||
| 082 |
_a617.632 _bFUN |
||
| 245 |
_aFundamentals of Periodontics / _cThomas G. Wilson [Editor] |
||
| 250 | _a2nd ed. | ||
| 260 |
_aIndia : _bQuintessence Publishing Co, Inc. |
||
| 300 |
_axiv , 659 p. : _bill ; _c28.5 cm . |
||
| 500 | _aInclude Index. Hard Binding. | ||
| 650 | _aMedical / Dentistry | ||
| 700 | _aKenneth S.Kornman [Editor] | ||
| 999 |
_c35307 _d35307 |
||